Châm cứu tổng hợp = general acupuncture

保存先:
書誌詳細
第一著者: Thái Hà
フォーマット: 図書
言語:Undetermined
出版事項: H. Y Học 2002
主題:
タグ: タグ追加
タグなし, このレコードへの初めてのタグを付けませんか!
Thư viện lưu trữ: Trung tâm Học liệu Trường Đại học Cần Thơ
LEADER 00471nam a2200181Ia 4500
001 CTU_54123
008 210402s9999 xx 000 0 und d
020 |b 95000 
082 |a 615.892 
082 |b H100 
100 |a Thái Hà 
245 0 |a Châm cứu tổng hợp 
245 0 |b = general acupuncture 
260 |a H. 
260 |b Y Học 
260 |c 2002 
650 |a folk medicine,acupuncture 
980 |a Trung tâm Học liệu Trường Đại học Cần Thơ